[Event "RUS-IND U14 Match 2019"]
[Site "Sochi"]
[Date "2019.06.06"]
[Round "4.4"]
[White "Nur-Mukhametova, Alisa"]
[Black "Savitha Shri B"]
[Result "1-0"]
[WhiteElo "1983"]
[BlackElo "2144"]
[Annotator "TA"]
[PlyCount "43"]
[EventDate "2019.06.02"]
[EventType "team-tourn"]
[EventCountry "RUS"]
[SourceTitle "playchess.com"]
[Source "ChessBase"]
[SourceQuality "1"]
[WhiteTeam "Russia"]
[BlackTeam "India"]
[WhiteTeamCountry "RUS"]
[BlackTeamCountry "IND"]

{[%evp 17,107,2,24,-6,86,82,77,12,13,12,20,15,89,83,93,81,101,52,67,16,41,55,70,-10,10,11,37,15,70,69,77,49,44,51,49,29,66,69,68,19,13,8,8,8,114,118,362,362,486,505,470,461,446,454,426,414,404,370,649,679,686,174,681,680,655,647,650,641,4700,5292,5311,5202,5896,5896,5608,5193,5097,5052,29977,29978,29991,29992,29992,29993,29995,29978,29979,29980,29988,29983,29983,29984]} 1. Nf3 c5 2. g3 d5 3. Bg2 Nc6 4. d4 e6 5. O-O Nf6 6. c4 cxd4 7. Nxd4 Bc5 8. Nxc6 bxc6 9. Qc2 Bb6 10. e4 $146 {E01: Catalan: Early deviations} ({Predecessor:} 10. Nc3 O-O 11. Na4 Bb7 12. b3 Qe7 13. Bb2 e5 14. e3 Rac8 15. Rfd1 Qe6 16. Rac1 Rfe8 17. Qe2 h5 {½-½ (65) Vorobiov,E (2585)-Biolek,R (2437) Pardubice 2013}) 10... Bb7 ({Reject} 10... dxe4 11. Nc3 $16) (10... Nxe4 $11 11. Bxe4 dxe4) 11. exd5 $1 $16 cxd5 12. Qa4+ (12. c5 $16 Bc7 13. b4) 12... Qd7 $11 13. Qxd7+ Kxd7 14. Nc3 Bc6 (14... Rhc8 $11) 15. cxd5 exd5 16. Bg5 Ne4 17. Rad1 Ke6 18. Bf4 (18. Be3 $14) 18... Rad8 19. Rc1 {Threatens to win with Nxe4.} Bb7 20. Be3 ({White should try} 20. Na4 $14) 20... Nxc3 21. bxc3 Bxe3 22. fxe3 {Played: Rf1-e1} 1-0

[Event "RUS-IND U14 Match 2019"]
[Site "Sochi"]
[Date "2019.06.06"]
[Round "5.1"]
[White "Gukesh D"]
[Black "Murzin, Volodar"]
[Result "1/2-1/2"]
[WhiteElo "2543"]
[BlackElo "2418"]
[Annotator "TA"]
[PlyCount "114"]
[EventDate "2019.06.02"]
[EventType "team-tourn"]
[EventCountry "RUS"]
[SourceTitle "playchess.com"]
[Source "ChessBase"]
[SourceQuality "1"]
[WhiteTeam "India"]
[BlackTeam "Russia"]
[WhiteTeamCountry "IND"]
[BlackTeamCountry "RUS"]

{[%evp 15,114,27,16,-16,-8,-13,-10,-5,0,-4,0,-29,-25,-6,-4,-35,0,0,0,0,25,6,20,19,16,11,38,21,33,11,14,0,0,0,13,0,14,0,0,0,0,-31,0,-20,0,-21,52,63,56,58,48,61,117,129,109,97,160,58,66,22,41,41,41,41,41,41,41,24,25,0,0,0,0,-8,-8,-40,-26,-36,-19,-36,-27,-22,-22,-31,-31,-37,-20,-50,0,0,0,0,0,-19,-8,-8,0,0,0,0,0]} 1. e4 c6 2. d4 d5 3. Nc3 dxe4 4. Nxe4 Bf5 5. Ng3 Bg6 6. Bc4 Nf6 7. N1e2 Nbd7 8. O-O e6 9. f4 {B18: Classical Caro-Kann: 4...Bf5 sidelines} Bd6 (9... Nb6 10. Bd3 Bxd3 11. Qxd3 g6 12. Kh1 Bg7 13. f5 O-O 14. fxe6 fxe6 15. Nf4 Qd7 16. Bd2 Nfd5 {1-0 (26) Rodriguez Vila,A (2459)-Umetsubo,C (2415) Florianopolis 2018}) 10. f5 exf5 11. Nxf5 Bxf5 12. Rxf5 O-O 13. Ng3 Bxg3 $146 ({Predecessor:} 13... Qc7 14. Qf3 Qb6 15. c3 Ne5 16. Rxe5 Bxe5 17. Nf5 {1-0 (25) Vedder,R (2334)-Jellema,Y (2129) Hoogeveen 2008}) 14. hxg3 Ne4 15. Bd3 Ndf6 (15... Nxg3 $2 16. Rg5 $18) 16. c3 Re8 ({Much weaker is} 16... Nxg3 $6 17. Rxf6 $1 {[%mdl 512]} Qxf6 18. Qg4 $16) 17. Bf4 g6 18. Re5 Rxe5 19. Bxe5 (19. dxe5 $2 {too greedy.} Qb6+ 20. Kh2 Nf2 $19) 19... Ng5 $1 20. Qe2 Nd7 {[%cal Bf6d7,Bd7b6,Bb6d5][%mdl 32]} 21. Bd6 {aiming for Be7.} Qe8 22. Be7 (22. Qd2 {is more complex.} Ne6 23. Re1 Rd8 24. Qe2 Nb6 25. Be5) 22... Ne6 23. Ba3 Rd8 24. Re1 Nb6 25. Bc2 Qd7 26. Bb3 $36 {[%cal Rb3e6][%mdl 2048] White has some pressure.} Re8 27. Qf2 a5 28. Qf1 Nd5 29. Re5 Nec7 30. Qe1 (30. Rxe8+ {keeps more tension.} Nxe8 31. Bxd5 cxd5 32. g4 Qxg4 33. Qb5) 30... f6 (30... h5 $11) 31. Rxe8+ $14 Qxe8 32. Qxe8+ Nxe8 {[%mdl 4096] Endgame KBB-KNN} 33. Bc5 Kg7 (33... Kf7 $14) 34. c4 $16 Nb4 35. Bb6 Nd3 {[#]} (35... Nd6 $142) 36. d5 ({Much less strong is} 36. Bxa5 $6 Nd6 $14) (36. c5 $1 $16) 36... cxd5 37. cxd5 (37. c5 $5 {[%cal Rb3d5]}) 37... Nxb2 38. Bxa5 {And now Bb4 would win.} Nd6 39. Bb4 Nbc4 40. Kf2 Kf7 41. Ke2 Ke8 42. Kd3 Ne5+ 43. Ke2 Kd7 44. a4 Nf5 {White must now prevent ...Nd4+.} 45. Kd2 Nxg3 46. a5 Ne4+ 47. Ke3 Nd6 48. Ba4+ Kc7 49. Be1 h5 50. Bc2 g5 51. g3 f5 52. Bd1 {The position is equal.} g4 53. Bc3 Ng6 54. Bc2 h4 55. gxh4 f4+ 56. Ke2 Nxh4 57. Be5 Nf3 {Accuracy: White = 40%, Black = 47%.} 1/2-1/2

[Event "RUS-IND U14 Match 2019"]
[Site "Sochi"]
[Date "2019.06.06"]
[Round "5.2"]
[White "Mendonca, Leon Luke"]
[Black "Tsvetkov, Andrey"]
[Result "1-0"]
[WhiteElo "2405"]
[BlackElo "2323"]
[Annotator "RC"]
[PlyCount "107"]
[EventDate "2019.06.02"]
[EventType "team-tourn"]
[EventCountry "RUS"]
[SourceTitle "playchess.com"]
[Source "ChessBase"]
[SourceQuality "1"]
[WhiteTeam "India"]
[BlackTeam "Russia"]
[WhiteTeamCountry "IND"]
[BlackTeamCountry "RUS"]
[TimeControl "5400+30"]

1. Nf3 {[%emt 0:00:00]} d5 {[%emt 0:00:00]} 2. b4 {[%emt 0:00:00]} e6 {[%emt 0:01:58]} 3. Bb2 {[%emt 0:00:57]} Nf6 {[%emt 0:00:05]} 4. a3 {[%emt 0:00:28]} a5 {[%emt 0:09:02]} 5. b5 {[%emt 0:00:55]} c5 {[%emt 0:01:07]} 6. e3 {[%emt 0:03:18]} Bd6 {[%emt 0:01:49]} 7. d3 {[%emt 0:02:44]} O-O {[%emt 0:00:43]} 8. Nbd2 {[%emt 0:01:52]} Nbd7 {[%emt 0:02:42]} 9. c4 {[%emt 0:00:52]} b6 {[%emt 0:02:15]} 10. Be2 {[%emt 0:00:55]} Bb7 {[%emt 0:01:33]} 11. O-O {[%emt 0:02:01]} Qe7 {[%emt 0:06:26]} 12. Re1 {[%emt 0:10:44]} Rad8 {[%emt 0:08:49]} 13. Qc2 {[%emt 0:12:54]} Rfe8 {[%emt 0:05:36]} 14. h3 {[%emt 0:03:49]} e5 {[%emt 0:11:59]} 15. cxd5 {[%emt 0:03:11]} Nxd5 {[%emt 0:01:54]} 16. Bf1 {[%emt 0:08:28]} Bb8 {[%emt 0:07:35]} 17. Rad1 {[%emt 0:11:13]} Nc7 {[%emt 0:09:40]} 18. d4 {[%emt 0:14:44]} e4 {[%emt 0:12:04]} 19. Ne5 {[%emt 0:00:29]} Nd5 {[%emt 0:00:25]} 20. Nc6 {[%emt 0:05:59]} Bxc6 {[%emt 0:01:40]} 21. bxc6 {[%emt 0:00:31]} Qd6 {[%emt 0:00:30]} 22. g3 {[%emt 0:00:19]} Qxc6 {[%emt 0:00:04]} 23. Nxe4 {[%emt 0:01:45]} Qg6 {[%emt 0:01:29]} 24. Bg2 {[%emt 0:03:58]} cxd4 {[%emt 0:01:22]} 25. Rxd4 {[%emt 0:02:08]} N7f6 {[%emt 0:03:26]} 26. Red1 {[%emt 0:05:32]} Rc8 {[%emt 0:03:43]} 27. Nxf6+ {[%emt 0:00:47]} Qxf6 {[%emt 0:00:36]} 28. Qb3 {[%emt 0:00:31]} Ne7 {[%emt 0:01:39]} 29. Rb4 {[%emt 0:01:27]} Qf5 {[%emt 0:02:15]} 30. Rxb6 {[%emt 0:01:22]} Rc2 {[%emt 0:01:34]} 31. Rf1 {[%emt 0:00:49]} Ba7 {[%emt 0:00:38]} 32. g4 {[%emt 0:00:29]} Qc8 {[%emt 0:00:46]} 33. Rb7 {[%emt 0:00:13]} Rc7 {[%emt 0:00:00]} 34. Rxc7 {[%emt 0:00:14]} Qxc7 {[%emt 0:00:00]} 35. Qc3 {[%emt 0:00:22]} Qxc3 {[%emt 0:00:59]} 36. Bxc3 {[%emt 0:00:31]} Bc5 {[%emt 0:00:00]} 37. a4 {[%emt 0:00:00]} Bb4 {[%emt 0:00:59]} 38. Bxb4 {[%emt 0:00:00]} axb4 {[%emt 0:00:31]} 39. a5 {[%emt 0:00:42]} Rb8 {[%emt 0:00:31]} 40. a6 {[%emt 0:00:00]} Nc8 {[%emt 0:00:41]} 41. Bb7 {[%emt 0:00:27]} Na7 {[%emt 0:00:00]} 42. Rb1 {[%emt 0:00:00]} Rd8 {[%emt 0:00:10]} 43. Rxb4 {[%emt 0:00:11]} Rd6 {[%emt 0:00:00]} 44. Rd4 {[%emt 0:02:41]} Rxd4 {[%emt 0:00:12]} 45. exd4 {[%emt 0:00:00]} Kf8 {[%emt 0:00:00]} 46. Kg2 {[%emt 0:00:12]} Nb5 {[%emt 0:00:18]} 47. Bc6 {[%emt 0:00:15]} Na7 {[%emt 0:00:02]} 48. Bd5 {[%emt 0:00:08]} Ke7 {[%emt 0:00:10]} 49. Kf3 {[%emt 0:00:07]} g5 {[%emt 0:00:02]} 50. Ke4 {[%emt 0:00:05]} f6 {[%emt 0:00:05]} 51. Bb7 {[%emt 0:00:57]} Kd6 {[%emt 0:00:10]} 52. Kd3 {[%emt 0:00:10]} Nb5 {[%emt 0:00:08]} 53. Kc4 {[%emt 0:00:08]} Na7 {[%emt 0:00:02]} 54. Kb4 {[%emt 0:00:04]} 1-0

[Event "RUS-IND U14 Match 2019"]
[Site "Sochi"]
[Date "2019.06.06"]
[Round "5.3"]
[White "Ravi Teja R"]
[Black "Kirchei, Viktoriia"]
[Result "1-0"]
[WhiteElo "1047"]
[BlackElo "2026"]
[Annotator "NA RC"]
[PlyCount "83"]
[EventDate "2019.06.02"]
[EventType "team-tourn"]
[EventCountry "RUS"]
[SourceTitle "playchess.com"]
[Source "ChessBase"]
[SourceQuality "1"]
[WhiteTeam "India"]
[BlackTeam "Russia"]
[WhiteTeamCountry "IND"]
[TimeControl "5400+30"]

1. e4 {[%emt 0:00:00]} c5 {[%emt 0:00:00]} 2. Nc3 {[%emt 0:00:00]} Nc6 {[%emt 0:00:01]} 3. Bb5 {[%emt 0:00:12]} e5 {[%emt 0:04:28]} 4. Bxc6 {[%emt 0:01:42]} (4. Nge2 Bd6 5. a3 Nge7 6. Bc4 a6 7. O-O b5 8. Ba2 O-O 9. d3 Nd4 10. f4 Nxe2+ 11. Qxe2 exf4 {1-0 (39) Asis Gargatagli,H (2529)-Fluvia Poyatos,J (2493) Barcelona 2018}) 4... bxc6 {[%emt 0:00:26]} 5. d3 {[%emt 0:00:18]} d6 {[%emt 0:01:14]} 6. f4 {[%emt 0:03:46] B23: Closed Sicilian: Lines without g3} exf4 {[%emt 0:05:46]} 7. Bxf4 {[%emt 0:02:17]} Rb8 {[%emt 0:02:40]} 8. b3 {[%emt 0:07:01]} g6 $146 {[%emt 0:07:00]} ({Predecessor:} 8... g5 9. Be3 Bg7 10. Nge2 Bg4 11. d4 Qe7 12. Qd2 Nf6 13. Bxg5 {½-½ (31) Staf,G (2016)-Saule,Z (2057) ICCF email 2008}) 9. Nf3 {[%emt 0:03:41]} Bg7 {[%emt 0:00:56]} 10. Bd2 {[%emt 0:00:27]} Bg4 {[%emt 0:03:42]} 11. O-O {[%emt 0:03:42]} Ne7 {[%emt 0:06:33]} 12. Qe1 {[%emt 0:01:37]} h6 {[%emt 0:13:43]} 13. Qh4 {[%emt 0:08:47]} Qd7 {[%emt 0:01:03]} 14. Rae1 {[%emt 0:12:46]} g5 {[%emt 0:02:02]} 15. Qg3 {[%emt 0:03:14]} Bxf3 {[%emt 0:04:37]} 16. Qxf3 {[%emt 0:02:27]} Ng6 {[%emt 0:01:18]} ({Black should play} 16... O-O $1 $14) 17. Ne2 {[%emt 0:05:57]} Ne5 {[%emt 0:01:15]} 18. Qh5 {[%emt 0:01:45]} Qg4 {[%emt 0:05:33]} 19. Qxg4 {[%emt 0:05:11]} Nxg4 {[%emt 0:00:08]} 20. h3 {[%emt 0:00:08]} Ne5 {[%emt 0:00:54]} 21. Ng3 {[%emt 0:00:20]} Ng6 {[%emt 0:05:22]} 22. Nf5 {[%emt 0:05:11]} Be5 {[%emt 0:01:28]} 23. c3 {[%emt 0:01:12]} Rd8 {[%emt 0:00:56]} 24. d4 {[%emt 0:06:01]} Bf4 {[%emt 0:00:57]} 25. Bxf4 {[%emt 0:00:07]} Nxf4 {[%emt 0:00:28]} 26. e5 {[%emt 0:00:56]} d5 {[%emt 0:05:35]} 27. Nd6+ {[%emt 0:00:40]} Ke7 {[%emt 0:01:26]} 28. g3 {[%emt 0:00:53]} Nh5 {[%emt 0:00:22]} 29. Rxf7+ {[%emt 0:06:00]} Ke6 {[%emt 0:00:04]} 30. Rc7 {[%emt 0:03:40]} cxd4 {[%emt 0:01:07]} 31. cxd4 {[%emt 0:00:09]} Nxg3 {[%emt 0:00:16]} 32. Rxc6 {[%emt 0:01:26]} Kd7 {[%emt 0:00:28]} 33. Ra6 {[%emt 0:04:54]} Ra8 {[%emt 0:01:33]} 34. Kh2 {[%emt 0:00:02]} Nh5 {[%emt 0:00:26]} 35. Nf5 {[%emt 0:00:56]} Rhf8 {[%emt 0:00:46]} 36. Rd6+ {[%emt 0:01:33]} Ke8 $18 {[%emt 0:00:06]} 37. Rxh6 {[%emt 0:03:11]} Rxf5 {[%emt 0:00:07]} 38. Rxh5 {[%emt 0:00:30]} Ke7 {[%emt 0:00:07]} 39. Rh7+ {[%emt 0:01:37]} Ke6 {[%emt 0:00:07]} 40. Rc1 {[%emt 0:00:29]} Rf2+ {[%emt 0:00:07]} 41. Kg3 {[%emt 0:00:04]} Rxa2 {[%emt 0:00:00]} 42. Rf1 {[%emt 0:00:03]} 1-0

[Event "RUS-IND U14 Match 2019"]
[Site "Sochi"]
[Date "2019.06.06"]
[Round "5.4"]
[White "Savitha Shri B"]
[Black "Nur-Mukhametova, Alisa"]
[Result "0-1"]
[WhiteElo "2144"]
[BlackElo "1983"]
[Annotator "TA"]
[PlyCount "64"]
[EventDate "2019.06.02"]
[EventType "team-tourn"]
[EventCountry "RUS"]
[SourceTitle "playchess.com"]
[Source "ChessBase"]
[SourceQuality "1"]
[WhiteTeam "India"]
[BlackTeam "Russia"]
[WhiteTeamCountry "IND"]
[BlackTeamCountry "RUS"]

{[%evp 14,64,36,34,71,71,93,49,68,43,42,39,35,33,41,33,34,41,51,-10,-2,-208,-212,-210,-194,-183,-174,-439,-430,-507,-372,-370,-372,-370,-373,-352,-363,-363,-277,-278,-271,-287,-283,-304,-289,-284,-279,-316,-315,-814,-801,-780,-750]} 1. Nf3 Nf6 2. c4 g6 3. Nc3 d5 4. cxd5 Nxd5 5. Qb3 Nb6 6. d4 Bg7 7. Bf4 O-O 8. Rd1 Nc6 {D90: Grünfeld: 4 Nf3 Bg7 sidelines} (8... c6 9. e4 Bg4 10. Be2 Bxf3 11. Bxf3 Bxd4 12. Ne2 c5 13. e5 Nc6 14. e6 f5 15. h4 Qc8 16. Bxc6 Qxc6 17. Nxd4 cxd4 {1-0 (42) Maghsoodloo,P (2666)-Safarli,E (2681) Bandar e Anzali 2019}) 9. e3 a5 10. Be2 a4 {White is slightly better.} 11. Qc2 Bf5 $146 ({Predecessor:} 11... Nb4 12. Qc1 c6 13. O-O Be6 14. a3 N4d5 15. Bg3 Nxc3 16. Qxc3 {1-0 (61) Mesaros,F (2393)-Ceschia,I (2227) Austria 2016}) 12. Qc1 Nd5 13. Bg3 a3 14. bxa3 Nxc3 15. Qxc3 e5 16. d5 (16. dxe5 $14 Qe7 17. O-O) 16... e4 $36 {[%mdl 2048] Black has the initiative.} 17. Qc1 $2 (17. Ne5 $11 Nxe5 18. Bxe5 Bxe5 19. Qxe5) 17... exf3 $19 18. dxc6 fxg2 19. Rg1 Qf6 {[#] And now ...Qc3+ would win.} 20. Bc4 $2 (20. Rxg2 b6 21. Bb5 (21. Bxc7 Rfc8 $17)) 20... Qxc6 {...Bg4 is the strong threat.} 21. f3 Qxf3 22. Be2 Qe4 23. Bd3 Qe6 24. Bxf5 Qxf5 25. Rxg2 Qa5+ 26. Kf1 c6 27. Rgd2 Be5 28. Bh4 Qb5+ 29. Kg1 Rfe8 30. Rf1 Ra4 31. Bf2 $2 (31. Bg3) 31... Rg4+ 32. Kh1 {[#]} Bxh2 $1 {[%mdl 512] Accuracy: White = 40%, Black = 63%.} 0-1

[Event "RUS-IND U14 Match 2019"]
[Site "Sochi"]
[Date "2019.06.07"]
[Round "6.1"]
[White "Murzin, Volodar"]
[Black "Mendonca, Leon Luke"]
[Result "1/2-1/2"]
[WhiteElo "2418"]
[BlackElo "2405"]
[Annotator "ChessBase"]
[PlyCount "63"]
[EventDate "2019.06.02"]
[EventType "team-tourn"]
[EventCountry "RUS"]
[SourceTitle "playchess.com"]
[Source "ChessBase"]
[SourceQuality "1"]
[WhiteTeam "Russia"]
[BlackTeam "India"]
[WhiteTeamCountry "RUS"]
[BlackTeamCountry "IND"]
[TimeControl "5400+30"]

1. e4 {[%emt 0:00:00]} c5 {[%emt 0:00:00]} 2. Nf3 {[%emt 0:00:00]} d6 {[%emt 0:00:00]} 3. d4 {[%emt 0:00:01]} cxd4 {[%emt 0:00:00]} 4. Nxd4 {[%emt 0:00:03]} Nf6 {[%emt 0:00:35]} 5. Nc3 {[%emt 0:00:07]} a6 {[%emt 0:00:00]} 6. h3 {[%emt 0:00:16]} e5 {[%emt 0:00:00]} 7. Nb3 {[%emt 0:00:07]} Be6 {[%emt 0:02:56]} 8. f4 {[%emt 0:00:24]} Qc7 {[%emt 0:02:17]} 9. f5 {[%emt 0:00:53]} Bc4 {[%emt 0:01:37]} 10. Bxc4 {[%emt 0:00:19]} Qxc4 {[%emt 0:00:41]} 11. Qd3 {[%emt 0:00:11]} Qxd3 {[%emt 0:01:16]} 12. cxd3 {[%emt 0:00:01]} Nbd7 {[%emt 0:09:28]} 13. Bg5 {[%emt 0:00:02]} d5 {[%emt 0:03:09]} 14. exd5 {[%emt 0:10:36]} Bb4 {[%emt 0:19:36]} 15. O-O {[%emt 0:05:42]} Bxc3 {[%emt 0:04:02]} 16. bxc3 {[%emt 0:07:13]} Nxd5 {[%emt 0:08:23]} 17. Bd2 {[%emt 0:03:27]} a5 {[%emt 0:01:09]} 18. c4 {[%emt 0:03:05]} Nb4 {[%emt 0:16:08]} 19. Nxa5 {[%emt 0:10:47]} Nxd3 {[%emt 0:05:23]} 20. Nxb7 {[%emt 0:00:44]} O-O {[%emt 0:02:06]} 21. Rf3 {[%emt 0:00:37]} N7c5 {[%emt 0:03:33]} 22. Nxc5 {[%emt 0:07:58]} Nxc5 {[%emt 0:02:51]} 23. f6 {[%emt 0:00:54]} Ne4 {[%emt 0:00:02]} 24. fxg7 {[%emt 0:06:55]} Rfc8 {[%emt 0:04:17]} 25. Bb4 {[%emt 0:01:28]} Rxc4 {[%emt 0:00:10]} 26. Bf8 {[%emt 0:06:49]} Rd8 {[%emt 0:00:44]} 27. Re1 {[%emt 0:00:38]} Rd2 {[%emt 0:04:45]} 28. Rfe3 {[%emt 0:07:35]} Rcc2 {[%emt 0:00:49]} 29. Rxe4 {[%emt 0:00:47]} Rxg2+ {[%emt 0:00:13]} 30. Kh1 {[%emt 0:00:24]} Rh2+ {[%emt 0:00:04]} 31. Kg1 {[%emt 0:00:02]} Rhg2+ {[%emt 0:00:07]} 32. Kh1 {[%emt 0:00:04]} 1/2-1/2

[Event "RUS-IND U14 Match 2019"]
[Site "Sochi"]
[Date "2019.06.07"]
[Round "6.2"]
[White "Tsvetkov, Andrey"]
[Black "Gukesh D"]
[Result "0-1"]
[WhiteElo "2323"]
[BlackElo "2543"]
[Annotator "ChessBase"]
[PlyCount "100"]
[EventDate "2019.06.02"]
[EventType "team-tourn"]
[EventCountry "RUS"]
[SourceTitle "playchess.com"]
[Source "ChessBase"]
[SourceQuality "1"]
[WhiteTeam "Russia"]
[BlackTeam "India"]
[WhiteTeamCountry "RUS"]
[BlackTeamCountry "IND"]
[TimeControl "5400+30"]

1. d4 {[%emt 0:00:00]} Nf6 {[%emt 0:00:00]} 2. c4 {[%emt 0:00:00]} g6 {[%emt 0:00:00]} 3. Nc3 {[%emt 0:00:00]} Bg7 {[%emt 0:00:00]} 4. e4 {[%emt 0:00:00]} d6 {[%emt 0:00:00]} 5. Be2 {[%emt 0:00:07]} O-O {[%emt 0:00:16]} 6. Be3 {[%emt 0:00:07]} e5 {[%emt 0:01:01]} 7. d5 {[%emt 0:00:08]} Na6 {[%emt 0:00:54]} 8. h4 {[%emt 0:00:08]} Nc5 {[%emt 0:09:02]} 9. Qc2 {[%emt 0:00:08]} h5 {[%emt 0:03:49]} 10. f3 {[%emt 0:01:14]} a5 {[%emt 0:02:26]} 11. O-O-O {[%emt 0:00:00]} Bd7 {[%emt 0:02:15]} 12. Nh3 {[%emt 0:00:16]} Qb8 {[%emt 0:06:30]} 13. Nf2 {[%emt 0:01:21]} c6 {[%emt 0:00:30]} 14. Qd2 {[%emt 0:00:47]} Rc8 {[%emt 0:00:31]} 15. Bxc5 {[%emt 0:00:39]} dxc5 {[%emt 0:00:29]} 16. g4 {[%emt 0:01:46]} a4 {[%emt 0:06:31]} 17. g5 {[%emt 0:03:40]} Ne8 {[%emt 0:12:03]} 18. Qe3 {[%emt 0:12:05]} a3 {[%emt 0:11:01]} 19. b3 {[%emt 0:11:00]} b6 {[%emt 0:00:07]} 20. Rd2 {[%emt 0:00:04]} Nc7 {[%emt 0:10:52]} 21. Rhd1 {[%emt 0:07:45]} Na6 {[%emt 0:00:42]} 22. Bf1 {[%emt 0:01:47]} Kh7 {[%emt 0:02:06]} 23. Qe2 {[%emt 0:01:35]} Nb4 {[%emt 0:00:56]} 24. dxc6 {[%emt 0:01:35]} Be6 {[%emt 0:05:45]} 25. c7 {[%emt 0:11:06]} Rxc7 {[%emt 0:06:22]} 26. Nd5 {[%emt 0:08:21]} Rc8 {[%emt 0:07:23]} 27. Nxb4 {[%emt 0:12:09]} cxb4 {[%emt 0:00:45]} 28. Kb1 {[%emt 0:00:00]} Ra7 {[%emt 0:03:51]} 29. Nd3 {[%emt 0:09:43]} Bf8 {[%emt 0:00:39]} 30. Qh2 {[%emt 0:04:03]} Bd6 {[%emt 0:03:24]} 31. Nf4 {[%emt 0:01:45]} exf4 {[%emt 0:00:31]} 32. Rxd6 {[%emt 0:00:38]} b5 {[%emt 0:00:29]} 33. Qxf4 {[%emt 0:03:04]} Rd7 {[%emt 0:02:24]} 34. Qd2 {[%emt 0:04:03]} Rxd6 {[%emt 0:00:01]} 35. Qxd6 {[%emt 0:00:06]} Qa7 {[%emt 0:01:56]} 36. Qd4 {[%emt 0:02:14]} Qc7 {[%emt 0:00:42]} 37. c5 {[%emt 0:00:08]} Qh2 {[%emt 0:01:04]} 38. Qd2 {[%emt 0:02:04]} Qg3 {[%emt 0:00:05]} 39. Qe3 {[%emt 0:00:05]} Qxh4 {[%emt 0:00:15]} 40. Bxb5 {[%emt 0:03:08]} Qh2 {[%emt 0:01:15]} 41. Be2 {[%emt 0:00:36]} h4 {[%emt 0:00:26]} 42. Rc1 {[%emt 0:00:06]} h3 {[%emt 0:00:13]} 43. c6 {[%emt 0:00:45]} Qe5 {[%emt 0:00:42]} 44. Qd2 {[%emt 0:00:37]} Rd8 {[%emt 0:00:09]} 45. Qc2 {[%emt 0:00:34]} Qxg5 {[%emt 0:00:38]} 46. c7 {[%emt 0:00:24]} Rd2 {[%emt 0:00:32]} 47. c8=Q {[%emt 0:00:34]} Bxc8 {[%emt 0:00:35]} 48. Qxc8 {[%emt 0:00:24]} Rb2+ {[%emt 0:00:25]} 49. Ka1 {[%emt 0:00:38]} Qe5 {[%emt 0:00:35]} 50. Qxh3+ {[%emt 0:00:28]} Kg7 {[%emt 0:00:24]} 0-1

[Event "RUS-IND U14 Match 2019"]
[Site "Sochi"]
[Date "2019.06.07"]
[Round "6.3"]
[White "Kirchei, Viktoriia"]
[Black "Savitha Shri B"]
[Result "0-1"]
[WhiteElo "2026"]
[BlackElo "2144"]
[Annotator "ChessBase"]
[PlyCount "96"]
[EventDate "2019.06.02"]
[EventType "team-tourn"]
[EventCountry "RUS"]
[SourceTitle "playchess.com"]
[Source "ChessBase"]
[SourceQuality "1"]
[WhiteTeam "Russia"]
[BlackTeam "India"]
[BlackTeamCountry "IND"]
[TimeControl "5400+30"]

1. e4 {[%emt 0:00:00]} c5 {[%emt 0:00:00]} 2. Nf3 {[%emt 0:00:00]} d6 {[%emt 0:00:00]} 3. d4 {[%emt 0:00:00]} cxd4 {[%emt 0:00:00]} 4. Qxd4 {[%emt 0:00:00]} Nc6 {[%emt 0:00:03]} 5. Bb5 {[%emt 0:00:00]} a6 {[%emt 0:00:06]} 6. Bxc6+ {[%emt 0:00:19]} bxc6 {[%emt 0:00:07]} 7. c4 {[%emt 0:01:21]} e5 {[%emt 0:00:11]} 8. Qd3 {[%emt 0:01:18]} Ne7 {[%emt 0:00:10]} 9. Nc3 {[%emt 0:00:28]} Ng6 {[%emt 0:00:07]} 10. Be3 {[%emt 0:02:45]} Be6 {[%emt 0:06:10]} 11. Rd1 {[%emt 0:09:15]} Bg4 {[%emt 0:12:37]} 12. Bg5 {[%emt 0:03:47]} Qc7 {[%emt 0:04:50]} 13. h3 {[%emt 0:03:47]} Be6 {[%emt 0:00:10]} 14. Nh4 {[%emt 0:06:30]} Nxh4 {[%emt 0:04:19]} 15. Bxh4 {[%emt 0:00:06]} f6 {[%emt 0:02:09]} 16. Bg3 {[%emt 0:00:54]} Be7 {[%emt 0:04:50]} 17. f4 {[%emt 0:02:41]} O-O {[%emt 0:00:49]} 18. f5 {[%emt 0:00:53]} Bf7 {[%emt 0:00:12]} 19. Bf2 {[%emt 0:01:12]} Rad8 {[%emt 0:02:28]} 20. O-O {[%emt 0:02:19]} Rd7 {[%emt 0:07:46]} 21. Na4 {[%emt 0:02:26]} Qb8 {[%emt 0:18:06]} 22. b3 {[%emt 0:04:22]} Rfd8 {[%emt 0:11:48]} 23. Bb6 {[%emt 0:01:50]} Re8 {[%emt 0:01:00]} 24. Rf2 {[%emt 0:02:22]} Rb7 {[%emt 0:08:25]} 25. Ba5 {[%emt 0:04:03]} d5 {[%emt 0:03:51]} 26. c5 {[%emt 0:09:04]} Rb5 {[%emt 0:05:33]} 27. b4 {[%emt 0:00:37]} Bd8 {[%emt 0:05:12]} 28. Bxd8 {[%emt 0:04:15]} Rxb4 {[%emt 0:00:00]} 29. Bxf6 {[%emt 0:01:51]} gxf6 {[%emt 0:00:04]} 30. Nb6 {[%emt 0:00:41]} Rxe4 {[%emt 0:00:42]} 31. Qxa6 {[%emt 0:00:45]} Qc7 {[%emt 0:00:58]} 32. Rf3 {[%emt 0:04:47]} Kh8 {[%emt 0:00:03]} 33. Rg3 {[%emt 0:01:49]} Rf4 {[%emt 0:00:39]} 34. Nxd5 {[%emt 0:00:45]} Bxd5 {[%emt 0:00:58]} 35. Rxd5 {[%emt 0:00:05]} Rd4 {[%emt 0:02:20]} 36. Rxd4 {[%emt 0:03:29]} exd4 {[%emt 0:00:02]} 37. Qd3 {[%emt 0:01:19]} Qf4 {[%emt 0:00:19]} 38. Rf3 {[%emt 0:01:18]} Qc1+ {[%emt 0:00:24]} 39. Kh2 {[%emt 0:00:21]} Qxc5 {[%emt 0:00:05]} 40. Rf4 {[%emt 0:02:48]} Rd8 {[%emt 0:00:00]} 41. Re4 {[%emt 0:05:01]} Qd6+ {[%emt 0:00:05]} 42. g3 {[%emt 0:00:07]} c5 {[%emt 0:01:00]} 43. Re6 {[%emt 0:00:54]} Qd5 {[%emt 0:00:28]} 44. Rxf6 {[%emt 0:00:05]} Qxa2+ {[%emt 0:00:07]} 45. Kg1 {[%emt 0:02:24]} Rb8 {[%emt 0:00:05]} 46. Rf8+ {[%emt 0:00:13]} Rxf8 {[%emt 0:00:21]} 47. Qe4 {[%emt 0:02:11]} Qa1+ {[%emt 0:00:07]} 48. Kf2 {[%emt 0:00:02]} Qb2+ {[%emt 0:00:31]} 0-1